| 000 | 00491nam a22001577a 4500 | ||
|---|---|---|---|
| 999 |
_c16317 _d16317 |
||
| 008 | 170306b xxu||||| |||| 00| 0 eng d | ||
| 020 | _a17833200016 | ||
| 050 |
_aN85 _b.A78 2013 C.1 |
||
| 245 |
_aArt as research _bopportunities and challenges _cedited by Shaun Mcniff |
||
| 260 |
_aUSA _bintellect _c2013 |
||
| 300 | _axvi, 233 p. | ||
| 650 |
_aArt _vResearch |
||
| 650 |
_aArt _vStudy and teaching |
||
| 700 | _aMcniff, Shaun | ||
| 942 |
_2lcc _cBK _hN85 .A78 2013 C.1 |
||